Poruchy vnútorného prostredia diagnostika a terapia

Bibliographic Details
Main Authors: Dzúrik, Rastislav, 1929-2014 (Author), Dzúriková, Viera, 1928- (Author), Fedelešová, Viera (Author), Kováč, Gustáv, 1947- (Author), Revúsová, Viera (Author), Slugeňová, Eva (Author)
Format: Book
Language:Slovak
PhysicalDescription:256 s. sch., tab. 24 cm
Published: Martin Osveta 1986
Edition:2. vyd.
Series:Edícia pre postgraduálne štúdium lekárov
Dérerova zbierka
Subjects:

MARC

LEADER 00000cam a2200000 a 4500
001 vtls001088589
003 SK-MaSNL
005 20260301103637.0
008 251029s1986 xo 00000 slo
015 |a SNBA1986/08 
035 |a SNK000031429 
040 |a SNK  |b slo  |c SNK  |e AACR2 
041 0 |a slo 
044 |a xo  |c SK 
080 |a 616-008  |2 1981 
100 1 |a Dzúrik, Rastislav,  |d 1929-2014  |4 aut  |9 13378 
245 1 0 |a Poruchy vnútorného prostredia  |b diagnostika a terapia  |c Rastislav Dzúrik a kol. 
250 |a 2. vyd. 
260 |a Martin  |b Osveta  |c 1986  |e Martin  |f Tlačiarne SNP 
300 |a 256 s.  |b sch., tab.  |c 24 cm 
366 |e 5000 výt. 
490 1 |a Edícia pre postgraduálne štúdium lekárov 
490 1 |a Dérerova zbierka  |v zv. 89 
650 0 7 |a poruchy vnútorného prostredia  |2 SNKPH  |9 441177 
650 0 7 |a klinická diagnostika  |2 SNKPH  |9 67973 
655 7 |a učebnice vysokých škôl  |2 SNKPH  |9 70191 
700 1 |a Dzúriková, Viera,  |d 1928-  |4 aut  |9 209749 
700 1 |a Fedelešová, Viera  |4 aut  |9 196803 
700 1 |a Kováč, Gustáv,  |d 1947-  |4 aut  |9 197579 
700 1 |a Revúsová, Viera  |4 aut  |9 441178 
700 1 |a Slugeňová, Eva  |4 aut  |9 376523 
830 0 |a Edícia pre postgraduálne štúdium lekárov  |9 279403 
830 0 |a Dérerova zbierka  |9 278328 
958 |a OND 
958 |a NB 
958 |a MI 
999 |c 695813  |d 697743 
952 |t P60, <04>, [BOOK], {604}  |a SNK  |b SNK  |y VYP  |7 0  |p 17A0121293  |o snkSC 66269 D1  |0 0  |1 0  |4 0  |d 1998-02-07  |l 0  |r 2004-12-31 00:00:00  |w 2026-02-23 
952 |a SNK  |b SNK  |y PREZ  |7 0  |p 17A0933191  |o snkSC 66269  |0 0  |1 0  |4 0  |d 2012-08-15  |l 0  |r 2025-07-07 00:00:00  |w 2026-02-23